Fr. Conceicao Rodrigues College of Engineering

Core Servelets and Java server Pages (Record no. 23661)

MARC details
000 -LEADER
fixed length control field 00326nam a2200145Ia 4500
082 ## - DEWEY DECIMAL CLASSIFICATION NUMBER
Classification number 5.74
Item number MAR
100 ## - MAIN ENTRY--PERSONAL NAME
Personal name Marty/Hall/ Larry Brown
250 ## - EDITION STATEMENT
Edition statement 2
245 ## - TITLE STATEMENT
Title Core Servelets and Java server Pages
260 ## - PUBLICATION, DISTRIBUTION, ETC.
Name of publisher, distributor, etc. Person Education
Date of publication, distribution, etc. 2004
300 ## - PHYSICAL DESCRIPTION
Extent 691
546 ## - LANGUAGE NOTE
Language note ENGLISH
654 ## - SUBJECT ADDED ENTRY--FACETED TOPICAL TERMS
Focus term core serveles
942 ## - ADDED ENTRY ELEMENTS (KOHA)
Koha item type BOOK
Holdings
Withdrawn status Lost status Damaged status Not for loan Collection Home library Current library Date acquired Total Checkouts Full call number Barcode Date last seen Price effective from Koha item type
        CRC Fr. Agnel's C.Rodrigues College of Engineering Fr. Agnel's C.Rodrigues College of Engineering 17/03/2023   5.74 MAR 15419 17/03/2023 17/03/2023 BOOK